000 00267nam a2200109Ia 4500
008 190907s9999||||xx |||||||||||||| ||und||
100 _aArnoldo C. Hax,
245 4 _aThe Strategy Concept And Process
260 _aLondon
_bAddison
_c1996
300 _a440
942 _cBK
999 _c6215
_d6215